000 00635nam a2200193 i 4500
003 OSt
005 20240726122434.0
008 240427b1996 np |||||r|||| 00| 0 eng d
020 _a9627341274
040 _aLHL
_beng
_cLHL
_erda
100 _a Chökyi Nyima,
_cRinpoche,
_d1951-
245 _aIndisputable Truth :
_bfour seals that mark the teachings of the awakened ones /
_c Chökyi Nyima Rinpoche
264 _aBoudhanath :
_bRangjung Yeshe Publications,
_c1996.
300 _a205 pages ;
_c23 cm.
336 _2rdacontent
_atext
_btxt
337 _2rdamedia
_aunmediated
_bn
338 _2rdacarrier
_avolume
_bnc
942 _cBOOK
_n0
_2LCS
999 _c2310
_d2310